Normal view
MARC view
- Drug abuse
Entry Topical Term
001 - CONTROL NUMBER
- control field: 2110
003 - CONTROL NUMBER IDENTIFIER
- control field: OSt
005 - DATE AND TIME OF LATEST TRANSACTION
- control field: 20170508104021.0
008 - FIXED-LENGTH DATA ELEMENTS
- fixed length control field: 170508|| aca||aabn | a|a d
040 ## - CATALOGING SOURCE
- Original cataloging agency: OSt
- Transcribing agency: OSt
150 ## - HEADING--TOPICAL TERM
- Topical term or geographic name entry element: Drug abuse
- Geographic subdivision: Malaysia
- General subdivision: Prevention
670 ## - SOURCE DATA FOUND
- Source citation: Work cat.: (OSt)0: Malaysia 400, Akta Dadah Berbahaya (Perlucuthakan Harta), 1988 (Akta 340) (Langkah-langkah Pencegahan Khas), 1985 (Akta 316) & Kaedah -kaedah, 1987 :, 1991

PORTAL AKMAL
E-MEL JKDM
AKMAL2U
G-BAM
u-PUSTAKA